[Event "North County CC op 194th"]
[Site "San Diego"]
[Date "2005.06.10"]
[Round "4"]
[White "Markowski, Alina"]
[Black "Sullivan, Greg"]
[Result "0-1"]
[WhiteElo "1500"]
[BlackElo "1813"]
[PlyCount "129"]
[EventDate "2005.06.24"]
[EventType "swiss"]
[EventRounds "5"]
[EventCountry "USA"]
[SourceTitle "EXT 2009"]
[Source "ChessBase"]
[SourceDate "2008.11.26"]
[SourceVersion "1"]
[SourceVersionDate "2008.11.26"]
[SourceQuality "1"]

1. e4 c5 2. Nf3 d6 3. d4 cxd4 4. Nxd4 Nf6 5. Nc3 g6 6. Be3 Bg7 7. Bb5+ Bd7 8. Bxd7+ Nbxd7 9. 0-0 a6 10. a4 0-0 11. Qd2 Ne5 12. Nce2 Nxe4 13. Qe1 Nc4 14. Bc1 Qb6 15. c3 Rac8 16. Nf4 Nf6 17. b3 Ne5 18. h3 Nc6 19. Nxc6 Qxc6 20. c4 e6 21. Ra2 d5 22. cxd5 Nxd5 23. Nxd5 Qxd5 24. Qd1 Qxd1 25. Rxd1 Rfd8 26. Rxd8+ Rxd8 27. Be3 e5 28. g4 f5 29. gxf5 gxf5 30. Bg5 Rd3 31. b4 h6 32. Be3 f4 33. Bd2 Kf7 34. Rc2 Rd7 35. f3 Bf6 36. Kf2 Bd8 37. Ke2 Bb6 38. Bc3 Ke6 39. b5 axb5 40. axb5 Rg7 41. Kd3 Be3 42. Ke4 Rc7 43. Kd3 b6 44. Rg2 Kf6 45. Rg8 Rd7+ 46. Ke4 Bd4 47. Rc8 Rd6 48. Rc6 Ke6 49. Rxd6+ Kxd6 50. Bxd4 exd4 51. Kxd4 Ke6 52. Ke4 Kd6 53. Kxf4 Kc5 54. Ke5 Kxb5 55. f4 Kc4 56. f5 b5 57. f6 b4 58. f7 b3 59. f8Q b2 60. Qa3 b1Q 61. Qa4+ Kc5 62. Qd4+ Kc6 63. Qd6+ Kb7 64. Qd7+ Kb8 65. Qd8+ 0-1

[Event "North County CC op 192nd"]
[Site "San Diego"]
[Date "2005.04.09"]
[Round "5"]
[White "Ross, Michael"]
[Black "Markowski, Alina"]
[Result "1-0"]
[WhiteElo "1389"]
[BlackElo "1504"]
[PlyCount "105"]
[EventDate "2005.03.04"]
[EventType "swiss"]
[EventRounds "5"]
[EventCountry "USA"]
[SourceTitle "EXT 2009"]
[Source "ChessBase"]
[SourceDate "2008.11.26"]
[SourceVersion "1"]
[SourceVersionDate "2008.11.26"]
[SourceQuality "1"]

1. d4 d5 2. c4 e6 3. Nf3 c5 4. cxd5 exd5 5. Nc3 Nf6 6. e3 Nc6 7. Bb5 Bd7 8. 0-0 Be7 9. Ba4 0-0 10. Bc2 a6 11. dxc5 Nb4 12. a3 Nxc2 13. Qxc2 Bxc5 14. b4 Bb6 15. Bb2 Rc8 16. Qd3 Bc6 17. a4 Bc7 18. Ba3 Re8 19. b5 axb5 20. axb5 Bd7 21. Nxd5 Nxd5 22. Qxd5 b6 23. Ng5 Be6 24. Qxd8 Rcxd8 25. Rac1 Bd6 26. Bxd6 Rxd6 27. Rfd1 Rxd1+ 28. Rxd1 Bc4 29. h3 h6 30. Nf3 Bxb5 31. Rb1 Bc6 32. Rxb6 Bxf3 33. gxf3 Re6 34. Rxe6 fxe6 35. f4 Kf7 36. Kg2 Kf6 37. e4 g5 38. fxg5+ Kxg5 39. Kg3 e5 40. h4+ Kf6 41. Kg4 Kg6 42. f4 h5+ 43. Kg3 exf4+ 44. Kxf4 Kf6 45. e5+ Ke6 46. Ke4 Kf7 47. Kf5 Ke7 48. Kg6 Ke6 49. Kxh5 Kxe5 50. Kg5 Ke6 51. Kg6 Ke7 52. Kg7 Ke8 53. h5 1-0

[Event "North County CC op 189th"]
[Site "San Diego"]
[Date "2004.11.05"]
[Round "2"]
[White "Boyd, James"]
[Black "Markowski, Alina"]
[Result "1-0"]
[WhiteElo "1785"]
[BlackElo "1549"]
[PlyCount "63"]
[EventDate "2004.10.29"]
[EventType "swiss"]
[EventRounds "5"]
[EventCountry "USA"]
[SourceTitle "EXT 2009"]
[Source "ChessBase"]
[SourceDate "2008.11.26"]
[SourceVersion "1"]
[SourceVersionDate "2008.11.26"]
[SourceQuality "1"]

1. e4 e5 2. Nf3 Nf6 3. Nxe5 d6 4. Nc4 Be6 5. Qf3 Nc6 6. c3 Be7 7. d3 d5 8. Ne3 d4 9. Nf5 Bxf5 10. Qxf5 dxc3 11. bxc3 g6 12. Qb5 Rb8 13. Bh6 Bf8 14. Bxf8 Kxf8 15. Be2 Kg7 16. f4 a6 17. Qb2 h5 18. Nd2 Ng4 19. Bxg4 hxg4 20. d4 g3 21. h3 Qh4 22. Rf1 b5 23. d5 Nd8 24. c4+ Kh7 25. e5 Re8 26. Ne4 Kh6 27. 0-0-0 c6 28. Nf6 Nb7 29. Nxe8 Rxe8 30. e6 fxe6 31. dxe6 Rxe6 32. Qh8# 1-0

[Event "North County CC op 188th"]
[Site "San Diego"]
[Date "2004.10.08"]
[Round "3"]
[White "Markowski, Alina"]
[Black "Hawks, Joe"]
[Result "1-0"]
[WhiteElo "1526"]
[BlackElo "1446"]
[PlyCount "43"]
[EventDate "2004.09.24"]
[EventType "swiss"]
[EventRounds "5"]
[EventCountry "USA"]
[SourceTitle "EXT 2009"]
[Source "ChessBase"]
[SourceDate "2008.11.26"]
[SourceVersion "1"]
[SourceVersionDate "2008.11.26"]
[SourceQuality "1"]

1. e4 c6 2. d4 d5 3. e5 Bf5 4. c3 e6 5. Nf3 c5 6. Bb5+ Nd7 7. 0-0 cxd4 8. cxd4 a6 9. Bd3 Ne7 10. Nc3 Nb6 11. Ne2 Rc8 12. Ng3 Bg6 13. Bg5 Bxd3 14. Qxd3 h6 15. Bd2 Nc4 16. Bc3 Ng6 17. Nh5 Ne7 18. Nd2 b5 19. Nb3 Ng6 20. Qe2 Ne7 21. f4 g6 22. Nf6# 1-0

[Event "North County CC op 187th"]
[Site "San Diego"]
[Date "2004.09.17"]
[Round "5"]
[White "Tiernan, Timothy M"]
[Black "Markowski, Alina"]
[Result "1-0"]
[WhiteElo "1382"]
[BlackElo "1526"]
[PlyCount "107"]
[EventDate "2004.08.20"]
[EventType "swiss"]
[EventRounds "5"]
[EventCountry "USA"]
[SourceTitle "EXT 2009"]
[Source "ChessBase"]
[SourceDate "2008.11.26"]
[SourceVersion "1"]
[SourceVersionDate "2008.11.26"]
[SourceQuality "1"]

1. d4 d5 2. c4 e6 3. Nc3 c5 4. e3 Nc6 5. Nf3 Nf6 6. a3 Be7 7. Bd3 0-0 8. 0-0 a6 9. Qc2 Qc7 10. b3 e5 11. cxd5 cxd4 12. Ne2 Nxd5 13. Bxh7+ Kh8 14. Bd3 Nf6 15. exd4 exd4 16. Nexd4 Bd6 17. Bb2 Ng4 18. h3 Nh2 19. Rfe1 Nxf3+ 20. Nxf3 Bd7 21. Re4 Bf4 22. Qc3 f6 23. Nh4 Be8 24. Qe1 Bh5 25. g3 Bg5 26. Qc3 Rae8 27. Rae1 Qd7 28. Bf1 Rxe4 29. Rxe4 Re8 30. Rxe8+ Qxe8 31. Ng2 Ne5 32. g4 Bf7 33. f4 Bxf4 34. Nxf4 Kg8 35. Bc4 Nxc4 36. bxc4 Qe4 37. Nh5 Bxh5 38. gxh5 Qh4 39. c5 Qxh5 40. Qb3+ Qf7 41. Qf3 Qc7 42. Bd4 Qc6 43. Qg3 Kf7 44. h4 Qe6 45. Qg2 Qe1+ 46. Qf1 Qxh4 47. Bf2 Qg4+ 48. Qg2 Qxg2+ 49. Kxg2 g5 50. Kf3 Kg6 51. Kg4 Kf7 52. Kf5 Ke7 53. Bd4 Kd7 54. Bxf6 1-0

[Event "North County CC op 186th"]
[Site "San Diego"]
[Date "2004.07.30"]
[Round "3"]
[White "Markowski, Alina"]
[Black "Boyd, James"]
[Result "0-1"]
[WhiteElo "1500"]
[BlackElo "1721"]
[PlyCount "81"]
[EventDate "2004.07.16"]
[EventType "swiss"]
[EventRounds "5"]
[EventCountry "USA"]
[SourceTitle "EXT 2009"]
[Source "ChessBase"]
[SourceDate "2008.11.26"]
[SourceVersion "1"]
[SourceVersionDate "2008.11.26"]
[SourceQuality "1"]

1. e4 d6 2. d4 Nf6 3. Nc3 g6 4. Nf3 Bg7 5. Be3 0-0 6. Be2 Ng4 7. Bf4 f5 8. h3 Nh6 9. Qd2 Nf7 10. Bc4 Kh8 11. 0-0-0 c6 12. exf5 Bxf5 13. g4 Bd7 14. Kb1 b5 15. Bxf7 Rxf7 16. Ng5 Rf8 17. Rhe1 Na6 18. Ne6 Bxe6 19. Rxe6 Nc7 20. Re2 b4 21. Na4 Nd5 22. Bh6 Bxh6 23. Qxh6 Qa5 24. b3 Rf7 25. Qh4 Nc3+ 26. Nxc3 bxc3 27. Qg3 Qa3 28. Qxc3 Qa6 29. d5+ Kg8 30. Qd3 Qxd3 31. Rxd3 cxd5 32. Rxd5 Kf8 33. c4 Rf3 34. Kc2 Rxh3 35. Rd4 Rf3 36. Rde4 Rf7 37. Kd3 e5 38. R4e3 Ke7 39. Ke4 Rf4+ 40. Kd5 Rc8 41. f3 0-1

[Event "North County CC op 186th"]
[Site "San Diego"]
[Date "2004.07.16"]
[Round "1"]
[White "Fries, Thomas"]
[Black "Markowski, Alina"]
[Result "1-0"]
[WhiteElo "1981"]
[BlackElo "1500"]
[PlyCount "75"]
[EventDate "2004.07.16"]
[EventType "swiss"]
[EventRounds "5"]
[EventCountry "USA"]
[SourceTitle "EXT 2009"]
[Source "ChessBase"]
[SourceDate "2008.11.26"]
[SourceVersion "1"]
[SourceVersionDate "2008.11.26"]
[SourceQuality "1"]

1. d4 d5 2. c4 e6 3. Nc3 c5 4. e3 Nf6 5. Nf3 Nc6 6. a3 Be7 7. dxc5 Bxc5 8. b4 Be7 9. Bb2 0-0 10. Be2 b6 11. 0-0 Qc7 12. cxd5 Rd8 13. Nb5 Qb7 14. dxc6 Qxc6 15. Qc1 Qe4 16. Rd1 Bb7 17. Rd4 Rxd4 18. Nbxd4 Rc8 19. Qf1 Qg6 20. Ba6 Bxa6 21. Qxa6 Rc7 22. Qf1 Bd6 23. Nb5 Rd7 24. Nxd6 Rxd6 25. Rd1 Nd5 26. Be5 Rc6 27. Rc1 Rxc1 28. Qxc1 Ne7 29. Bd6 Qf6 30. e4 e5 31. Qc7 h6 32. Bxe7 Qe6 33. h3 Kh7 34. Qxe5 Qxe5 35. Nxe5 f6 36. Nc6 a6 37. Bd8 b5 38. Nb8 1-0

[Event "North County CC op 185th"]
[Site "San Diego"]
[Date "2004.06.25"]
[Round "3"]
[White "Markowski, Alina"]
[Black "Sullivan, Greg"]
[Result "1/2-1/2"]
[WhiteElo "1500"]
[BlackElo "1813"]
[PlyCount "90"]
[EventDate "2004.06.11"]
[EventType "swiss"]
[EventRounds "5"]
[EventCountry "USA"]
[SourceTitle "EXT 2009"]
[Source "ChessBase"]
[SourceDate "2008.11.26"]
[SourceVersion "1"]
[SourceVersionDate "2008.11.26"]
[SourceQuality "1"]

1. e4 c5 2. Nc3 Nc6 3. Nge2 e5 4. d3 d6 5. f3 Be6 6. Be3 Be7 7. Qd2 Qa5 8. Ng3 Bh4 9. Nd5 Qxd2+ 10. Bxd2 Bxd5 11. exd5 Nb4 12. Bxb4 cxb4 13. a3 Nf6 14. axb4 Nxd5 15. c3 Ne3 16. Ke2 Bxg3 17. hxg3 Nf5 18. Kf2 g6 19. g4 Ng7 20. Re1 0-0 21. d4 exd4 22. cxd4 Rfe8 23. Bb5 Rxe1 24. Rxe1 Ne6 25. Re4 d5 26. Re5 a6 27. Ba4 b5 28. Bb3 Nxd4 29. Bxd5 Rd8 30. Bb7 Nc2 31. Bxa6 Nxb4 32. Bxb5 Rd2+ 33. Re2 Rd5 34. Bc4 Rd7 35. b3 Kf8 36. g5 Rb7 37. Kg3 Rb6 38. Re4 Nc6 39. Rf4 Ne5 40. Rf6 Rb4 41. Rf4 Rb6 42. Re4 Nc6 43. Rf4 Ne5 44. Rf6 Rb4 45. Rf4 Rb6 1/2-1/2